书目信息 |
| 题名: |
南方高价值用材树种栽培与木材利用
|
|
| 作者: | 沈云 , 詹定举 , 黄伯高 , 梁瑞龙 主编 | |
| 分册: | ||
| 出版信息: | 南宁 广西科学技术出版社 2022.07 |
|
| 页数: | 106页, [24] 页图版 | |
| 开本: | 26cm | |
| 丛书名: | ||
| 单 册: | ||
| 中图分类: | S727.1 , TS65 | |
| 科图分类: | ||
| 主题词: | 用材林--yong cai lin--经济林--树种--栽培技术--研究--中国 , 用材林--yong cai lin--经济林--树种--木材加工--研究--中国 | |
| 电子资源: | ||
| ISBN: | 978-7-5551-1825-1 | |
| 000 | 01462nam0 2200313 450 | |
| 001 | 93682 | |
| 005 | 20250819142554.20 | |
| 010 | @a978-7-5551-1825-1@dCNY69.00 | |
| 100 | @a20230217d2022 em y0chiy50 ea | |
| 101 | 0 | @achi |
| 102 | @aCN@b450000 | |
| 105 | @aaf a 001yy | |
| 106 | @ar | |
| 200 | 1 | @a南方高价值用材树种栽培与木材利用@Anan fang gao jia zhi yong cai shu zhong zai pei yu mu cai li yong@f沈云 ... [等] 主编 |
| 210 | @a南宁@c广西科学技术出版社@d2022.07 | |
| 215 | @a106页, [24] 页图版@c彩图@d26cm | |
| 304 | @a题名页题其余责任者: 詹定举, 黄伯高, 梁瑞龙 | |
| 320 | @a有书目 (第104-106页) 和索引 | |
| 330 | @a本书选取楠木、香合欢、大叶榉树、榔榆、红椿、黄连木、降香黄檀、柚木等我国南方高价值用材树种, 从形态特征与分布生物生态学特性、良种资源, 以及采种、育苗、造林、四旁植树、间伐与主伐、有害生物管理、用途及发展前景等方面全面系统介绍了树种栽培与木材利用方面的知识, 不仅提供了可供参考的高价值用材树种先进种植技术, 同时对于人们增加对高价值用材树种重要性, 促进我国南方高价值用材树种人工造林发展都具有重要意义。 | |
| 606 | 0 | @a用材林@Ayong cai lin@x经济林@x树种@x栽培技术@x研究@y中国 |
| 606 | 0 | @a用材林@Ayong cai lin@x经济林@x树种@x木材加工@x研究@y中国 |
| 690 | @aS727.1@v5 | |
| 690 | @aTS65@v5 | |
| 701 | 0 | @a沈云@Ashen yun@4主编 |
| 701 | 0 | @a詹定举@Azhan ding ju@4主编 |
| 701 | 0 | @a黄伯高@Ahuang bo gao@4主编 |
| 701 | 0 | @a梁瑞龙@Aliang rui long@4主编 |
| 801 | 0 | @aCN@c20250909 |
| 905 | @a河南城建学院图书馆@dS727.1@eS425@f1 | |
| 南方高价值用材树种栽培与木材利用/沈云 ... [等] 主编.-南宁:广西科学技术出版社,2022.07 |
| 106页, [24] 页图版:彩图;26cm |
| ISBN 978-7-5551-1825-1:CNY69.00 |
| 本书选取楠木、香合欢、大叶榉树、榔榆、红椿、黄连木、降香黄檀、柚木等我国南方高价值用材树种, 从形态特征与分布生物生态学特性、良种资源, 以及采种、育苗、造林、四旁植树、间伐与主伐、有害生物管理、用途及发展前景等方面全面系统介绍了树种栽培与木材利用方面的知识, 不仅提供了可供参考的高价值用材树种先进种植技术, 同时对于人们增加对高价值用材树种重要性, 促进我国南方高价值用材树种人工造林发展都具有重要意义。 |
| ● |
| 相关链接 |
|
|
|
正题名:南方高价值用材树种栽培与木材利用
索取号:S727.1/S425
 
预约/预借
| 序号 | 登录号 | 条形码 | 馆藏地/架位号 | 状态 | 备注 |
| 1 | 1627639 | 216276394 | 自科库401/401自科库 68排7列5层/ [索取号:S727.1/S425] | 在馆 |